[Event "Guaira op 1st"]
[Site "Guaira"]
[Date "2015.10.04"]
[Round "5"]
[White "Silva Braga, Joao Guilherme"]
[Black "Simao Vasconcellos, Pedro Augusto"]
[Result "1/2-1/2"]
[WhiteElo "1654"]
[BlackElo "1667"]
[PlyCount "84"]
[EventDate "2015.10.03"]
[EventType "swiss"]
[EventRounds "5"]
[EventCountry "BRA"]
[SourceTitle "CBM 168 Extra"]
[Source "ChessBase"]
[SourceDate "2015.10.29"]
[SourceVersion "1"]
[SourceVersionDate "2015.10.29"]
[SourceQuality "1"]

1. e4 c5 2. Nf3 Nc6 3. g3 g6 4. Bg2 Bg7 5. 0-0 Nf6 6. Nc3 0-0 7. d3 d6 8. Be3 Bg4 9. Qd2 Qc7 10. Ne1 e5 11. f3 Be6 12. Nb5 Qd7 13. c3 a6 14. Na3 b6 15. f4 exf4 16. Bxf4 d5 17. e5 Nh5 18. d4 Nxf4 19. Qxf4 f6 20. Qd2 fxe5 21. dxe5 Nxe5 22. Nd3 Nxd3 23. Qxd3 c4 24. Qd2 Rxf1+ 25. Rxf1 Rd8 26. Nc2 Bh3 27. Nd4 Bxg2 28. Kxg2 Bxd4 29. Qxd4 b5 30. Rf6 Qe7 31. Rxa6 Qe2+ 32. Qf2 Qe4+ 33. Qf3 Qc2+ 34. Kh3 Qd2 35. Qf6 Qh6+ 36. Qh4 Qxh4+ 37. Kxh4 d4 38. cxd4 Rxd4+ 39. Kg5 Rd2 40. Ra8+ Kg7 41. Ra7+ Kg8 42. Ra8+ Kg7 1/2-1/2